Llwytho...
Muslim bharanam Spainilum Siciliyilum (m)
| Prif Awdur: | |
|---|---|
| Fformat: | Printed Book |
| Cyhoeddwyd: |
TVPM
State Institute of Languages
1973
|
| Pynciau: |
| LEADER | 00438nam a2200157 4500 | ||
|---|---|---|---|
| 082 | |||
| 100 | |a Muhammed Madani | ||
| 245 | |a Muslim bharanam Spainilum Siciliyilum (m) | ||
| 250 | |||
| 260 | |a TVPM |b State Institute of Languages |c 1973 | ||
| 300 | |a 227 p | ||
| 490 | |||
| 650 | |a History of Iberian Peninsula-Spain | ||
| 942 | |c BK | ||
| 999 | |c 225058 |d 225058 | ||
| 952 | |0 0 |1 0 |4 0 |7 0 |9 239191 |a SDE |b SDE |d 2019-12-12 |l 0 |p SDE4367 |r 2019-12-12 |w 2019-12-12 |y BK | ||